Islamic Pakistan: Illussions and Reality (Record no. 344055)

000 -LEADER
fixed length control field 00526 a2200181 4500
003 - CONTROL NUMBER IDENTIFIER
control field OSt
005 - DATE AND TIME OF LATEST TRANSACTION
control field 20180116182701.0
008 - FIXED-LENGTH DATA ELEMENTS--GENERAL INFORMATION
fixed length control field 160816b xxu||||| |||| 00| 0 eng d
020 ## - INTERNATIONAL STANDARD BOOK NUMBER
International Standard Book Number 0
040 ## - CATALOGING SOURCE
Transcribing agency 0
082 ## - DEWEY DECIMAL CLASSIFICATION NUMBER
Classification number 954.51 GHA 1996
100 ## - MAIN ENTRY--PERSONAL NAME
Personal name Abdus Sattar Ghazali
245 ## - TITLE STATEMENT
Title Islamic Pakistan: Illussions and Reality
Statement of responsibility, etc. Abdus Sattar Ghazali
260 ## - PUBLICATION, DISTRIBUTION, ETC.
Place of publication, distribution, etc. Islamabad
Name of publisher, distributor, etc. National Book Club Islamabad
Date of publication, distribution, etc. 1996
300 ## - PHYSICAL DESCRIPTION
Extent 273 p.
Other physical details HB
440 ## - SERIES STATEMENT/ADDED ENTRY--TITLE
Title Islamic Pakistan: Illussions and Reality
942 ## - ADDED ENTRY ELEMENTS (KOHA)
Institution code [OBSOLETE] NBS
Koha item type Book
Call number prefix 954.51 GHA
Source of classification or shelving scheme
Holdings
Withdrawn status Lost status Damaged status Not for loan Permanent Location Current Location Date acquired Total Checkouts Total Renewals Full call number Barcode Checked out Date last seen Date last checked out Price effective from Koha item type
        Central Library (CL) Central Library (CL) 08/28/2013 2 3 954.51 GHA NBS2811 07/01/2023 07/09/2021 07/09/2021 08/28/2013 Book
© 2023 Central Library, National University of Sciences and Technology. All Rights Reserved.